Alle Ausfahrten der Klagenfurter Schnellstraße (S37) - Statistiken

Allgemein
  • Dieses Quiz wurde 83 mal gespielt
  • Das Durchschnittsergebnis liegt bei 6 aus 7
Antwortstatistiken
km Bz. Ausfahrt % Korrekt
301,2 K Klagenfurt-Nord
95%
286,4 SV St. Veit-Mitte / Brückl
92%
290,8 SV Industriepark St. Veit
89%
283,3 SV St. Veit-Nord / Hunnenbrunn
89%
288,8 SV St. Veit-Süd / Glandorf
89%
296,9 KL Maria Saal / Zollfeld
84%
299,1 KL Karnburg
24%
Keine übereinstimmenden Quizze gefunden
Verteilung der Resultate
Anzahl Personen mit jedem Resultat
Perzentil nach korrekt beantworteten Fragen
Ihre Resultats-Entwicklung
Sie haben dieses Quiz noch nicht gespielt